[Event "Norway Chess 3rd"]
[Site "Stavanger"]
[Date "2015.06.18"]
[Round "3"]
[White "Carlsen, Magnus"]
[Black "Giri, Anish"]
[Result "1/2-1/2"]
[WhiteElo "2876"]
[BlackElo "2773"]
[Annotator "Szabo,Krisztian"]
[PlyCount "152"]
[EventDate "2015.06.16"]
[EventType "tourn"]
[EventRounds "9"]
[EventCountry "NOR"]
[EventCategory "22"]
[SourceTitle "CBM 167"]
[Source "ChessBase"]
[SourceDate "2015.07.13"]
[SourceVersion "1"]
[SourceVersionDate "2015.07.13"]
[SourceQuality "1"]

1. e4 c5 2. Nf3 d6 3. Bb5+ Nd7 4. c3 (4. d4 {is the main line.}) 4... Ngf6 5. Qe2 a6 6. Ba4 b5 7. Bc2 e6 8. d4 Bb7 9. O-O Be7 10. Re1 O-O 11. Nbd2 cxd4 ({RR} 11... Qc7 12. Nf1 cxd4 13. cxd4 Rac8 14. Bd3 e5 15. Ng3 exd4 16. Nxd4 Rfe8 17. Bf4 Ne5 18. Ndf5 Bf8 19. Rac1 Qa5 20. Rxc8 Bxc8 21. Bb1 d5 22. Bd2 Qd8 23. exd5 Nc4 24. Ne3 Bb7 25. b3 Nxe3 26. Bxe3 {Guseinov,G (2634)-Grischuk,A (2774) Berlin 2015 0-1 (34)}) 12. cxd4 Rc8 $146 {The first new move in the game.} (12... Qc7 13. Nf1 Rfc8 14. Bd3 b4 15. Ng3 a5 16. Bg5 Bf8 17. Rac1 Qb6 18. Be3 Qd8 19. h3 $14 {Rasik-Laznicka, Prague 2015, and White is slightly better.}) (12... Qb6 13. b3 (13. e5 $2 {was bad, as} dxe5 14. dxe5 Ng4 $1 {should have been played} 15. Ne4 Ndxe5 16. Nxe5 Nxe5 $15 {and Black has a healthy  up.}) 13... Rfc8 14. Bd3 {and White looks slightly better.}) 13. Nf1 Re8 $146 ({RR} 13... Qc7 14. Bd3 e5 15. d5 Nc5 16. Bb1 a5 17. Ng3 g6 18. Bg5 Ba6 19. Bc2 b4 20. Qd2 Ne8 21. Be3 Qb7 22. Rac1 Bd8 23. h4 Ng7 24. h5 Bb5 25. Bg5 Bxg5 26. Qxg5 f6 27. Qd2 Qd7 28. hxg6 {Chernov,L (1831)-Mikhaylov,A (2069) St Petersburg RUS 2023 0-1 (58)}) ({RR} 13... Qc7 14. Bd3 d5 15. e5 Ne4 16. Ng3 f5 17. exf6 Ndxf6 18. Ng5 Qc6 19. f3 Nxg5 20. Bxg5 Kf7 21. Bf5 exf5 22. Qxe7+ Kg8 23. Nxf5 Rc7 24. Bxf6 Bc8 25. Qd6 Bxf5 26. Qxc6 Rxc6 27. Be7 Re8 28. Bc5 {Grot,B (2207)-Drygalov,S (2560) chess.com INT 2025 ½-½ (31)}) ({RR} 13... e5 14. Ng3 exd4 15. Nxd4 Re8 16. Bf4 Bf8 17. Rad1 g6 18. Qd2 Ng4 19. Bg5 Qb6 20. Bb3 Nge5 21. Bh6 Be7 22. Bg5 Bf8 23. Bh6 Be7 24. Qf4 Bf6 25. Nf3 Re7 26. Bg5 Nxf3+ 27. gxf3 Bxg5 28. Qxg5 {Chandra,A (2512)-Zherebukh,Y (2614) Fort Worth 2017 ½-½ (34)}) 14. Ng3 Bf8 15. Be3 Rc7 16. Bd3 {White's position is more comfortable. He has some space advantage and his pieces are active.} e5 ({In the event of} 16... Qa8 17. Bd2 $14 {and it is obviously favourable for White .}) 17. d5 {The right reaction. White closes the centre and neutralises the b7-.} Nc5 18. Bc2 b4 $6 {Giri wanted to avoid 19.b4, but this is an inaccuracy, which involves weaknesses on Black's queenside.} (18... Qd7 {was more solid, but} 19. Bg5 (19. b4 Na4) 19... Be7 20. Nf5 $36 {and White has some initiative.}) 19. a3 $1 {White immediately takes advantage of Black's previous move.} b3 20. Bxc5 {White simply accepts the .} (20. Bd3 $5 {was also possible.}) 20... Rxc5 21. Bxb3 Qb6 22. Bc4 (22. Ba4 {was the alternative,} Rec8 23. b4 R5c7 24. Nd2 {and White looks nicely placed.}) 22... Rec8 23. Bd3 g6 24. Nf1 {A logical manoeuvre, because the  on g3 was already not very useful. White prepares for e3-c4.} Bh6 25. Ne3 a5 26. b4 $1 {A very nice reply by Carlsen! The b4- is not takeable, White's position is much better.} (26. Nc4 $6 {was too early, as} Qc7 {and the  has to escape.}) 26... axb4 27. axb4 R5c7 ({In the event of} 27... Rc3 28. Nc4 $1 Qxb4 (28... Qd8 29. Na5 Ba8 30. b5 $16 {followed by c6.}) 29. Rab1 R8xc4 30. Bxc4 Qxc4 31. Rxb7 Rc2 32. Qxc4 Rxc4 33. h4 Nxe4 34. Rd7 $16 {and White has a hopeful endgame.}) 28. b5 (28. Nc4 {was also fine,} Qxb4 29. Reb1 Rxc4 30. Bxc4 Qxc4 31. Qxc4 Rxc4 32. Rxb7 $16) 28... Qc5 29. h3 ({The engine suggests the logical} 29. Nd2 $16 {followed by dc4.}) 29... Nh5 30. Qb2 Qb6 31. Qb4 {Carlsen activates his  and he is threatening c4.} Bxe3 32. Rxe3 Rc3 33. Rae1 f5 $6 {A brave attempt by Giri. He would like to create complications, but this is too dangerous.} (33... Nf6 {was more solid, but} 34. Ra1 {and White will slowly, but surely consolidate and exploit the fact that he is a  up.}) 34. exf5 Nf4 35. Be4 $1 R3c5 (35... R3c4 36. Qb1 $18) ({or} 35... R8c4 36. Qb1 $18 {with a decisive attack.}) 36. fxg6 hxg6 37. Bxg6 $1 {A brilliant tactical blow by Carlsen!} Rxb5 {Still the best practical chance.} (37... Nxg6 {could have been met by} 38. Qg4 $1 Kf7 39. Qe6+ Kg7 40. Nh4 $1 $18 {and mate soon.}) 38. Qe4 $6 {Well, this was the straightforward and human reply. On the other hand White missed a fantastic winning move!} (38. Bf7+ $3 {What a brilliant sacrifice!} Kxf7 39. Qe4 $18 {and Black cannot prevent the threats of f5+ and g5+, even then it is not obvious how the attack proceeds, but Black simply cannot save himself.}) 38... Rf8 $1 39. Nxe5 $6 (39. Nh4 $1 {should have played} Bxd5 40. Qa4 {and White should be better, but in a practical game, it is not easy yet.}) 39... dxe5 40. Rg3 Rxd5 $1 {The only move to survive which Giri did. Black's position looks very dangerous, but at this moment White doesn't have a forced win.} 41. Qb1 {Black also had several threats, so Carlsen simplifies.} (41. Rb1 {could have been met by} Rd1+ $1 42. Kh2 Rxb1 43. Bf5+ Kh8 44. Qxe5+ Qf6 45. Qc7 Rf7 46. Qb8+ Rf8 47. Qc7 Rf7 $11 {and repetition of moves.}) 41... Qxb1 42. Bxb1+ Kh8 43. Be4 Rd7 44. Bxb7 Rxb7 45. Rxe5 {White has three s for the , only he has any chance to win, but objectively this is a draw.} Rh7 46. Re4 Rhf7 47. Kh2 Kh7 48. Rf3 Kg6 49. h4 Nh5 50. Rxf7 Rxf7 51. Re2 Nf4 52. Rd2 Nh5 53. g3 Nf6 54. Kg2 Rd7 55. Ra2 {Carlsen tries everything, but Black can hold.} (55. Rxd7 Nxd7 56. g4 Ne5 $11 {is also drawish.}) 55... Rd5 56. Ra4 Re5 57. g4 Re4 58. Rxe4 Nxe4 59. Kf3 Nd6 60. Kf4 Nf7 61. Ke4 Kf6 62. f4 Nd6+ 63. Kd5 Nb5 64. h5 Nc3+ 65. Kd4 Nb5+ 66. Kc4 Nd6+ 67. Kc5 Ke6 68. Kc6 Nf7 69. Kc7 Nh6 70. g5 Nf7 71. g6 Nh6 72. Kd8 Kf5 73. Ke7 Kxf4 74. Kf8 Kg5 75. g7 Kxh5 76. g8=Q Nxg8 {and finally the draw!} 1/2-1/2

[Event "Norway Chess 3rd"]
[Site "Stavanger"]
[Date "2015.06.19"]
[Round "4"]
[White "Anand, Viswanathan"]
[Black "Carlsen, Magnus"]
[Result "1-0"]
[WhiteElo "2804"]
[BlackElo "2876"]
[Annotator "Roiz,Michael"]
[PlyCount "93"]
[EventDate "2015.06.16"]
[EventType "tourn"]
[EventRounds "9"]
[EventCountry "NOR"]
[EventCategory "22"]
[SourceTitle "CBM 167"]
[Source "ChessBase"]
[SourceDate "2015.07.13"]
[SourceVersion "1"]
[SourceVersionDate "2015.07.13"]
[SourceQuality "1"]

1. e4 {Erenburg,Sergey} e5 2. Nf3 Nc6 3. Bb5 a6 4. Ba4 Nf6 5. O-O Be7 6. d3 {Both players have a huge experience of playing the Ruy Lopez with both colours. This time Vishy goes for a quiet, but very fashionable line.} d6 (6... b5 7. Bb3 d6 {is the most common choice here.}) 7. c3 O-O 8. Nbd2 Re8 9. Re1 b5 10. Bc2 (10. Bb3 Na5 11. Bc2 c5 {leads to another well-known theoretical line.}) 10... Bf8 11. Nf1 (11. d4 $5 {deserves some attention in order to meet} Bg4 {with} 12. h3 Bh5 13. d5 $14) 11... g6 12. h3 ({Sometimes White prefers to start with} 12. Ng3 {, but most probably White shouldn't do without h2-h3 anyway.}) 12... Bb7 13. Ng3 ({It was also possible to keep the knight on f1 for a while, like in the following example:} 13. Be3 Bg7 14. Qc1 Qd7 (14... d5 $5) 15. Bh6 Nd8 16. Ng3 c5 17. Bxg7 Kxg7 18. d4 $14 {½-½ (82) Rozentalis,E (2607)-Jovanic,O (2519)/Trieste ITA 2013}) 13... Nb8 14. d4 Nbd7 {The players have entered into the main line of Breyer system.} 15. a4 (15. b3 {is another major line here.}) ({RR} 15. Bg5 h6 16. Bd2 Bg7 17. a4 c5 18. d5 c4 19. b4) 15... c5 16. d5 c4 ({RR} 16... Nb6 17. Qe2 Nxa4 18. Bxa4 bxa4 19. Rxa4) 17. Bg5 ({RR} 17. Be3 Nc5 18. Qd2 Nfd7 19. Ra3 Nb6 20. axb5 axb5 21. Rea1 Rxa3 22. Rxa3 Bc8 23. Bh6) 17... Bg7 ({Recently White has managed to put Black under positional pressure after} 17... h6 18. Be3 Nc5 19. Qd2 Kh7 20. Bxc5 dxc5) ({In the following recent game Black was able to solve the problems after} 17... Rb8 $5 18. Qd2 Nc5 19. axb5 axb5 20. Nh2 Bc8 21. Rf1 Bg7 22. f4 h6 23. fxe5 Nfxe4 24. Bxe4 Qxg5 25. Qxg5 hxg5 26. e6 fxe6 27. Bxg6 Re7 $11 {1/2-1/2 Vachier Lagrave,M (2775)-Dominguez Perez,L (2726)/Tbilisi FIDE GP 2015}) ({RR} 17... Nc5 18. Qd2 Be7 19. Bh6 Bf8 20. Bg5 Be7 21. Rf1 Nfd7 22. Be3 Bf6 23. Nh2 h5 24. Ne2 Bg7) ({RR} 17... h6 18. Be3 Nc5 19. Qd2 h5 20. Bg5 Be7 21. Ra3 Nfd7) 18. Qd2 Rb8 {Magnus deviates from the known paths at this early stage. This move is aimed at making the c8-spot vacant for the bishop.} ({In the following classical game between two former World Champions White couldn't pose Black any special problems:} 18... Nc5 19. Ra3 (19. Nh4 Qd7 20. axb5 axb5 21. Rxa8 Rxa8 22. Qe3 Ne8 $132 {1-0 (68) Zherebukh,Y (2473)-Kovalev,V (2318)/Kirishi 2008/CBM 127 Extra}) 19... Qc7 20. Rea1 Rab8 21. Qe3 Nfd7 22. Bh6 Bh8 23. Nh2 Bc8 24. axb5 axb5 25. Ng4 Nf6 {½-½ Tal,M (2645)-Petrosian,T (2645)/Milan 1975/MCL}) ({RR} 18... Qe7 19. Ra3 Nc5 ({RR} 19... Qf8 20. Rea1 Nc5 21. Qc1 Rec8 22. Be3 Nfd7 23. Nd2 Qd8 24. Qf1 Nb6 25. axb5 axb5 26. Rxa8 Rxa8 27. b3) 20. Rea1 Qc7 21. Nh2 h5 22. Rf1 ({RR} 22. f4 Nh7) 22... Nh7 23. Be3 Qe7 24. Raa1 ({RR} 24. f4 exf4 25. Rxf4 ({RR} 25. Bxf4 h4) 25... Be5) 24... Nf6 25. f3 Nfd7 26. Bg5 Bf6 27. Be3 Nb6 28. a5 Nbd7 29. Nh1 Nf8 30. Rae1 Bc8 ({RR} 30... Qc7 31. Ra1 ({RR} 31. f4 Qxa5 32. fxe5 ({RR} 32. f5 Qd8) 32... Bxe5 33. Qf2 Qc7)) 31. f4 exf4 ({RR} 31... Nfd7 32. f5) 32. Bxf4 Nfd7 33. Nf3 {Fressinet,L (2627)-Graf,A (2605) Gothenburg 2005 CBM 109 [Erenburg,Sergey] 1-0 (46)}) ({RR} 18... Nc5 19. Nh2 Qc7 20. Rf1 h5 21. Nf3 Reb8 22. Bh6 Bxh6 23. Qxh6 Qd8 24. Ng5 Qf8 25. Nf5 Rd8 26. f4 Rd7 27. Qxf8+ Rxf8 28. Nxd6 exf4 29. Nxb7 Rxb7 30. Rxf4 Nfd7 31. Nf3 bxa4 32. e5 Rxb2 33. Bxa4 {Dias,I (2106)-Honkoop,G (2189) Maia POR 2024 ½-½ (40)}) 19. Nh2 $146 {This logical innovation is a standard preparation of White's k-side activity, which is based on the f2-f4 advance.} ({Taking control over the a-file doesn't offer much:} 19. Ra3 Nc5 20. axb5 axb5 $11 {½-½ (21) Dueball,J (2450)-Matanovic,A (2490)/Bath 1973/EU-chT}) 19... Bc8 $146 {The World Champion is playing with fire! Leaving the pin yields White too many attacking possibilities.} ({A much safer move was} 19... Qc7 20. f4 (20. Ng4 Nxg4 21. hxg4 Bc8 22. Be3 (22. f3 Nc5 23. Be3 Bd7 24. axb5 Rxb5 25. Ra2 Reb8 26. Rb1 a5 $132) 22... Nc5 23. g5 Bd7 $132) 20... exf4 21. Qxf4 b4 22. Rf1 Qa5 $132 {with a complex battle.}) ({RR} 19... Qc7 20. Rf1 Bc8 21. axb5 axb5 22. Ra3 Qb6 23. b4 cxb3 24. Rxb3 Qa5 25. Rfb1 Nc5 26. R3b2 Rb7 27. Nhf1 Bd7 28. c4 Qxd2 29. Nxd2 Reb8 30. cxb5 Bxb5 31. Bd1 Nfd7 32. Be3 h5 33. Be2 Bxe2 34. Rxb7 {Djukic,N (2507)-Zajic,M (2477) Nis 2019 ½-½ (132)}) 20. Ng4 Nc5 $6 {One more inaccuracy.} ({After} 20... Qe7 21. Nh6+ Kh8 22. Rf1 Qf8 23. axb5 axb5 24. Ra5 (24. h4 $5) 24... Nc5 25. Rfa1 $14 {Black's position would be worse, but playable.}) 21. Nh6+ $1 Bxh6 {Exchanging the main defender of king is definitely a bad sign for Black!} (21... Kf8 22. axb5 axb5 23. f4 $16 {[%csl Rf8]}) 22. Bxh6 bxa4 {Breaking the q-side pawn chain is necessary, since Black desperately needs any counterplay.} 23. Ra2 {Definitely not the best, since Black is getting some play along the b-file, while the a2 is passive now.} ({A stronger move was} 23. Reb1 $1 Bd7 24. Bg5 Kg7 25. Qe3 Qe7 26. Ra2 $16) 23... a3 $1 24. bxa3 $6 {Recapturing the pawn definitely suits Black here.} ({There was a nice way to extend the initiative at the cost of pawn:} 24. Rxa3 $1 Rxb2 25. Bg5 Kg7 26. Qc1 Qb6 (26... Rb7 27. Rf1 $36) 27. Be3 Nfd7 28. Ba4 $36) 24... Nfd7 $1 25. f4 ({Possibly,} 25. Qe3 $5 {was more promising here:} Kh8 (25... a5 26. Nf5 Nf6 27. Ng7 Rf8 28. f4 $36) 26. Raa1 Rb2 27. Qc1 $14) 25... a5 $1 {Magnus finds the best way to connect the rooks - the bishop is heading to a6.} (25... Qh4 $2 {doesn't work in view of} 26. Bg5 Qxg3 27. Re3 Nb3 28. Bxb3 Qxe3+ 29. Qxe3 cxb3 30. Rb2 $18) 26. Rf1 (26. f5 Qh4 $1 27. Nf1 f6 28. Be3 gxf5 29. Bf2 Qg5 {looks good for Black.}) 26... f6 $2 {This passive continuation leads to a very difficult position from the strategic point of view.} ({It was necessary to release the pressure in the centre:} 26... Qb6 $1 27. Kh1 Nb3 28. Qe2 exf4 $1 29. Bxf4 Ne5 30. Be3 Qd8 $132 {leads to a complex position, where the strong centralised knight compensates for the vulnerablity of Black's monarch.}) 27. f5 $1 {Now Black's position desperately lacks space.} Nd3 {Black is trying to complicate matters, since White's potential k-side attack is unstoppable.} ({After} 27... Qe7 28. h4 Qf7 29. Be3 $16 {White may develop a crushing attack step by step.}) 28. Bxd3 cxd3 29. Qd1 $1 {White has reached a harmonious setup, so all the pieces may take part in attacking the opponent's king.} ({Vishy correctly rejects} 29. Qxd3 $6 Qb6+ 30. Be3 (30. Kh2 Ba6 31. c4 Qb3 $11) 30... Ba6 31. Qd2 Qb3 $44) 29... Re7 (29... Kh8 30. Be3 Rg8 31. Qxd3 Qc7 32. fxg6 hxg6 33. Qe2 $16) 30. Raf2 Rf7 31. Qxd3 {Now there is nothing wrong with taking a pawn.} (31. h4 $5 {was another promising option here:} Kh8 32. fxg6 hxg6 33. h5 Qg8 34. Bg5 $40) 31... Nc5 32. Qf3 Ba6 {A natural move, but the bishop was quite useful on c8.} (32... g5 {was bad:} 33. h4 gxh4 34. Nh5 Kh8 35. Qg4 Qe7 36. Rf3 Ba6 37. Re1 Nd3 38. Ree3 Rb1+ 39. Kh2 $18) ({The most tenacious continuation seems to be} 32... Kh8 33. fxg6 hxg6 34. Bg5 Nd7 35. h4 Ba6 36. c4 Qg8 {[%cal Gb8f8] and Black manages to parry the immediate threats, though White is still almost winning here.}) 33. Qg4 ({It looks like the direct attack would decide the game here:} 33. fxg6 hxg6 34. Qg4 Kh7 35. Qh4 Bxf1 36. Bg5+ Kg8 (36... Kg7 37. Qh6+ Kg8 38. Bxf6 $1 Rxf6 39. Nh5 gxh5 40. Rxf6 $18) 37. Bxf6 Rh7 38. Qg5 Qe8 39. Rxf1 Rbb7 40. h4 $18) 33... g5 ({Black's position is hopeless after} 33... Bc8 34. Qh4 g5 35. Qg4 Kh8 36. h4 Ba6 37. hxg5 Bxf1 38. g6 $18) 34. h4 $1 {There is no need to spend a tempo on removing the rook.} Bxf1 35. Rxf1 Qd7 ({After} 35... Kh8 36. hxg5 fxg5 {the most convincing is} 37. f6 Rxf6 38. Bg7+ Kxg7 39. Nh5+ Kh8 40. Rxf6 Qe7 41. Qf5 $18 {with full domination.}) 36. hxg5 fxg5 37. Qh5 {This unexpected move doesn't spoil anything - the king is too weak.} ({There was nothing wrong with the most natural} 37. Bxg5 Kh8 38. Qh4 Rg8 39. Rb1 $1 $18 (39. Bf6+ $6 {is less clear:} Rxf6 40. Qxf6+ Qg7 41. Qxg7+ Kxg7 $16)) 37... Kh8 38. f6 Rg8 39. Bg7+ Rfxg7 40. fxg7+ Qxg7 {It looks like Black has consolidated, but Anand's calculations were deep!} 41. Nf5 Qg6 42. Qxg6 Rxg6 43. Ne7 $1 $18 Kg7 ({The poor coordination of Black's pieces enables White to liquadate into a winning rook ending:} 43... Rh6 44. Rf8+ Kg7 45. Rc8 Kf7 46. Nf5 Rg6 47. Nxd6+ Rxd6 48. Rxc5 $18) 44. Nxg6 Kxg6 45. Rf8 a4 ({Or} 45... Nxe4 46. c4 a4 47. Ra8 Nc5 48. Kf2 h5 49. Ke3 Kf5 50. Rf8+ Kg4 51. Rd8 $18) 46. c4 h5 47. Kf2 {Quite a disappointing loss for Magnus, but Anand's achievement shouldn't be underestimated.} ({Black resigns in view of} 47. Kf2 Nxe4+ 48. Ke3 Nc5 49. Rd8 $18) 1-0

[Event "Norway Chess 3rd"]
[Site "Stavanger"]
[Date "2015.06.24"]
[Round "8"]
[White "Carlsen, Magnus"]
[Black "Aronian, Levon"]
[Result "1-0"]
[WhiteElo "2876"]
[BlackElo "2780"]
[Annotator "Szabo,Krisztian"]
[PlyCount "79"]
[EventDate "2015.06.16"]
[EventType "tourn"]
[EventRounds "9"]
[EventCountry "NOR"]
[EventCategory "22"]
[SourceTitle "CBM 167"]
[Source "ChessBase"]
[SourceDate "2015.07.13"]
[SourceVersion "1"]
[SourceVersionDate "2015.07.13"]
[SourceQuality "1"]

1. e4 e5 2. Nf3 Nc6 3. Bb5 a6 4. Ba4 Nf6 5. O-O Be7 6. d3 b5 7. Bb3 d6 8. c3 (8. a4) ({and} 8. a3 {are the other main variations.}) 8... O-O 9. Re1 Na5 10. Bc2 c5 11. Nbd2 Nc6 (11... Re8 {is also common.}) 12. Nf1 h6 13. Ne3 {A logical plan by Carlsen. He would like to control the important d5-square.} (13. Ng3 {is the other setup.}) 13... Re8 ({RR} 13... Be6 14. d4 cxd4 15. cxd4 Nxd4 16. Nxd4 exd4 17. Qxd4 Rc8 18. Bb3 Nd7 19. Nd5 Bxd5 20. Qxd5 Nc5 21. Bf4 Nxb3 22. axb3 Qb6 23. Be3 Qc6 24. Qf5 Rfe8 25. Rac1 Qb7 26. Bd4 Bf8 27. f3 a5 28. h3 {Carlsen,M (2850)-Svidler,P (2727) Berlin 2015 ½-½ (54)}) 14. a4 Be6 15. d4 ({Last year Adams played} 15. h3 Bf8 16. Nh2 b4 17. Bb3 Rb8 18. Bc4 bxc3 19. bxc3 d5 20. Bxa6 Qa5 21. Bb5 (21. c4 $6 {A very smart move, but it is too much.} Qxa6 22. exd5 Bxd5 23. cxd5 Nb4 24. Ra3 Nfxd5 $17 {Adams-Caruana, London 2014, and Black has a wonderful middlegame.}) 21... Rxb5 22. exd5 Nxd5 23. Nc4 Qa8 24. axb5 Qxa1 25. bxc6 f6 $15 {and Black looks nicely placed too.}) ({RR} 15. Bb3 c4 16. axb5 axb5 17. Rxa8 Qxa8 18. Bc2 Bf8 19. Qe2 cxd3 20. Bxd3 b4 21. c4 Nd7 22. Nd5 Qb7 23. Be3 Ra8 24. h3 Nc5 25. Bb1 Ra1 26. Rd1 Qa6 27. Nd2 Bxd5 28. exd5 Nd4 29. Bxd4 exd4 {Moussard,J (2654)-So,W (2769) Baku AZE 2023 0-1 (55)}) 15... exd4 $146 ({RR} 15... cxd4 16. cxd4 exd4 17. Nxd4 Nxd4 18. Qxd4 b4 19. a5 b3 20. Bd3 Nd7 21. Nd5 Bxd5 22. Qxd5 Bf6 23. Bc4 Qe7 24. Bf4 Be5 25. Bxe5 dxe5 26. Rad1 Nc5 27. Qd6 Qxd6 28. Rxd6 Rad8 29. Rc6 Rc8 30. Rxc8 {Emms,J (2502)-Sebag,M (2434) Birmingham 2006 ½-½ (81)}) 16. cxd4 Nb4 $146 {Aronian improves on the game which he played 12 years ago.} (16... Nxd4 17. Nxd4 cxd4 18. Qxd4 Nd7 19. axb5 axb5 20. Bd2 Bf6 (20... Qb6 $5) 21. Qxd6 Rxa1 22. Rxa1 Bxb2 23. Rb1 Be5 24. Qd3 Qc7 25. Nd5 Bxd5 26. exd5 Nf6 27. g3 $14 {J.Polgar-Aronian, Hoogeveen 2003, with a comfortable position for White.}) 17. Bb1 bxa4 18. Rxa4 Bf8 19. Ra1 d5 $1 {A typical break-through in this type of position.} 20. e5 Ne4 21. h3 Qb6 $6 {This is a slight inaccuracy, after which White can win a . Nevertheless Black will have some compensation for it, but he will be fighting for equaliity.} ({After the natural} 21... Rc8 {Black looks completely fine.}) 22. Nxd5 $1 Bxd5 23. Bxe4 Rad8 24. Bxd5 Rxd5 25. Be3 Red8 26. dxc5 Bxc5 27. Qb3 Bxe3 28. Rxe3 a5 {The previous moves were forced; Carlsen is a  up, but Black's pieces are powerful.} 29. e6 $5 {Carlsen gives back the , and in doing so he creates a weakness in Black's position.} fxe6 30. Rae1 R8d6 31. Rc1 Nd3 $2 {A mistake, which allows a strong attack for White!} (31... Rd3 $1 $11 {was the easiest reply to simplify the position and Black doesn't have any problem.}) 32. Rc8+ Kh7 33. Qa4 $1 {A nice repositioning of the . From here the  can threaten the  with e8 and it also has access to e4 with lethal checks.} Qxb2 $2 {This was an attractive move, because of the  attack on f2, and moreover he takes a . Nevertheless this is a decisive mistake.} (33... Nb4 {was correct to avoid the e4,} 34. Qe8 Rd1+ 35. Kh2 Rd8 36. Rxd8 Rxd8 37. Qh5 Qc7+ {and still Black can hold his position.}) 34. Qe4+ Rf5 35. Kh2 $3 {What an excellent cool-headed move! White avoids ...xf2+ and is threatening h4.} ({The immediate} 35. Nh4 $4 {was bad, as} Qxf2+ 36. Kh2 Qf4+ $19 {and suddenly Black wins.}) 35... Nf4 {The best practical chance.} (35... Qxf2 $2 {did not work because of} 36. Rxd3 $18) ({and} 35... Nxf2 {is also losing, after} 36. Qa8 $1 $18 {with a decisive attack.}) 36. Rc2 $4 {A big mistake probably in time trouble.} ({He should simply continue the original threat with} 36. Nh4 Qxf2 37. Rg3 $1 (37. Nxf5 exf5 38. Qxf5+ $2 Rg6 $1 {and suddenly Black has an attack on the g-file.}) 37... Rdd5 38. Nxf5 Rxf5 39. Rc7 $18 {and White is winning.}) 36... Qa1 $4 {A huge error in reply! This move is completely based on an oversight.} (36... Qb4 37. Rc4 Qb8 {is very similar to 36...b8!}) (36... Qb8 $1 {was the strongest continuation,} 37. g3 (37. g4 $2 Ng6 $1 38. gxf5 exf5 $1 $19 {and there isn't a safe square for the white , because the  will win it with a discovered check.}) (37. Nh4 Rd4 $1 {A very strong intermediate move!} 38. Rc8 $1 (38. Qxd4 $2 Ne2+ $19 {and Black wins.}) 38... Qxc8 39. Qxd4 Rf6 $15) 37... Nd5 38. Ree2 Nf6 $15 {and Black is a clear  up.}) 37. g4 $18 {Now White is clearly winning.} Qf1 38. Ne1 {Perhaps this move was what Aronian missed when he played 36...a1. Now everything is defended and Black is helpless against gxf5.} ({The careless} 38. Nh4 $4 {loses, because of} Rd1 $19 {and suddenly it is White who gets mated!}) 38... Nh5 39. gxf5 exf5 40. Qc4 {and Black can't avoid the exchange of s, so he resigned.} 1-0